| 000 | 01956cab a2200313 4500 | ||
|---|---|---|---|
| 001 | ABS45869 | ||
| 008 | 090401t1992 xxu||||| |||| 00| 0 eng d | ||
| 035 | _a(Sirsi) u55605 | ||
| 041 | _aeng | ||
| 245 | _aC & J Seymour (Investments) Limited v Lewes DC | ||
| 260 | _c1992 | ||
| 350 | _a0 | ||
| 490 |
_aRating & Valuation Reporter _v(1992) 31 RVR 250-255(6) |
||
| 520 | _aLT 22 July 1991. In June 1987 the council (L) published a draft local plan which identified a town centre site as an extension to a car park. This was adopted in April 1990. In September 1988 the claimant, C`s predecessor in title served a blight notice under Town and Country Planning Act 1971 s192 to which L did not object. A deemed notice to treat therefore came into existence on 14 November 1988. On 31 May 1989 application was made for a certificate of appropriate alternative development under Land Compensation Act 1961 s17. In September L issued a certificate for residential development. At the date of the hearing L had not entered onto the land. In 1987 and 1988 consent for a residential development requested by C had been refused on the grounds that the land was earmarked for a car park and would damage a neighbouring conservation area. C sought compensation of £190,000 for the freehold interest with vacant possession. L`s figure was £26,000. The argument arose as to the valuat | ||
| 650 | _aBLIGHT NOTICES | ||
| 650 | _aCAR PARK | ||
| 650 | _aCERTIFICATE OF APPROPRIATE ALTERNATIVE DEVELOPMENT | ||
| 650 |
_aCompulsory purchase _96228 |
||
| 650 | _aINJURIOUS AFFECTION | ||
| 650 | _aLAND COMPENSATION ACT 1961 S17 | ||
| 650 | _aLT DECISIONS | ||
| 650 | _aNOTICE TO TREAT | ||
| 650 | _aSTOKES PRINCIPLE | ||
| 650 | _aTOWN AND COUNTRY PLANNING ACT 1971 S192 | ||
| 650 | _aVALUATION DATE | ||
| 690 | _aENVIRONMENTAL AND LAND CONSULTANCY-PLANNING AND DEVELOPMENT-COMPULSORY PURCHASE AND COMPENSATION | ||
| 942 | _n0 | ||
| 948 | _c04/03/1997 | ||
| 999 |
_c33984 _d33984 |
||